[Event "Stepan Avagyan Mem 2023"]
[Site "Jermuk ARM"]
[Date "2023.05.07"]
[Round "5.4"]
[White "Yakubboev, Nodirbek"]
[Black "Esipenko, Andrey"]
[Result "1/2-1/2"]
[WhiteTitle "GM"]
[BlackTitle "GM"]
[WhiteElo "2630"]
[BlackElo "2679"]
[WhiteFideId "14203987"]
[BlackFideId "24175439"]
[EventDate "2023.05.03"]

1. c4 e6 2. g3 d5 3. Bg2 Nf6 4. Nf3 d4 5. d3 Nc6 6. O-O Bc5 7. Nbd2 a5 8. Nb3
Be7 9. e3 dxe3 10. Bxe3 Ng4 11. Bc5 O-O 12. d4 a4 13. Bxe7 Qxe7 14. Nc5 e5 15.
Re1 Rd8 16. b4 axb3 17. Nxb3 e4 18. h3 Nh6 19. Ne5 f5 20. Nxc6 bxc6 21. f3 Qg5
22. fxe4 fxe4 23. g4 Re8 24. Bxe4 Bxg4 25. Qd2 Qxd2 26. Nxd2 Bd7 27. Nb3 Ra3 28.
Nc5 Bxh3 29. Bxh7+ Kf8 30. Rxe8+ Kxe8 31. Be4 Bd7 32. Re1 Kd8 33. Re2 Nf5 34.
Rg2 Nd6 35. Rxg7 Nxe4 36. Rg8+ Ke7 37. Rg7+ Kf6 38. Rxd7 Nxc5 39. dxc5 Ke5 40.
Rxc7 Kd4 41. Rxc6 Rxa2 42. Rf6 Kxc5 43. Rf2 Rxf2 44. Kxf2 Kxc4 1/2-1/2

[Event "Stepan Avagyan Mem 2023"]
[Site "Jermuk ARM"]
[Date "2023.05.07"]
[Round "5.5"]
[White "Hovhannisyan, Robert"]
[Black "Nguyen, Thai Dai Van"]
[Result "1/2-1/2"]
[WhiteTitle "GM"]
[BlackTitle "GM"]
[WhiteElo "2596"]
[BlackElo "2649"]
[WhiteFideId "13302507"]
[BlackFideId "358878"]
[EventDate "2023.05.03"]

1. e4 c5 2. Nf3 Nc6 3. d4 cxd4 4. Nxd4 Nf6 5. Nc3 e5 6. Ndb5 d6 7. Bg5 a6 8. Na3
b5 9. Bxf6 gxf6 10. Nd5 f5 11. c3 Bg7 12. exf5 Bxf5 13. Nc2 O-O 14. a4 Be6 15.
axb5 axb5 16. Rxa8 Qxa8 17. Nce3 Qb7 18. g4 Ne7 19. Bg2 Nxd5 20. Bxd5 Qe7 21.
Qd3 Bh6 22. Nf5 Qg5 23. Qe3 Qxf5 24. gxf5 Bxe3 25. fxe6 Bxf2+ 26. Ke2 fxe6 27.
Bxe6+ Kg7 28. Rf1 Bb6 1/2-1/2

[Event "Stepan Avagyan Mem 2023"]
[Site "Jermuk ARM"]
[Date "2023.05.08"]
[Round "6.1"]
[White "Davtyan, Artur"]
[Black "Nguyen, Thai Dai Van"]
[Result "1-0"]
[WhiteTitle "IM"]
[BlackTitle "GM"]
[WhiteElo "2506"]
[BlackElo "2649"]
[WhiteFideId "13308327"]
[BlackFideId "358878"]
[EventDate "2023.05.03"]

1. d4 Nf6 2. c4 e6 3. Nf3 d5 4. g3 Bb4+ 5. Bd2 Bd6 6. Bg2 O-O 7. O-O c6 8. Qc2
Nbd7 9. Bf4 Bxf4 10. gxf4 b6 11. cxd5 Nxd5 12. e3 Bb7 13. Nc3 c5 14. dxc5 Nxc3
15. Ng5 Ne2+ 16. Qxe2 Bxg2 17. Qc2 Nf6 18. Kxg2 Rc8 19. Qd1 Rxc5 20. Qxd8 Rxd8
21. Rac1 h6 22. Rxc5 bxc5 23. Nf3 Ne4 24. Rc1 g5 25. fxg5 hxg5 26. h3 f5 27. Rc2
Rd5 28. Ng1 Kf7 29. Ne2 Rd3 30. Nc1 Rd2 31. Rxd2 Nxd2 32. Nd3 c4 33. Ne5+ Kf6
34. f4 gxf4 35. exf4 a6 36. Nd7+ Kf7 37. Nc5 a5 38. Kf2 Nb1 39. Na4 Kf6 40. Nc3
Nxc3 41. bxc3 Kg6 42. Ke3 Kh5 43. Kd4 Kh4 44. Ke5 Kxh3 45. Kxe6 Kg4 46. Ke5 a4
47. a3 Kf3 48. Kxf5 Ke3 49. Ke5 Kd3 50. f5 Kxc3 51. f6 1-0

[Event "Stepan Avagyan Mem 2023"]
[Site "Jermuk ARM"]
[Date "2023.05.08"]
[Round "6.2"]
[White "Esipenko, Andrey"]
[Black "Hovhannisyan, Robert"]
[Result "1/2-1/2"]
[WhiteTitle "GM"]
[BlackTitle "GM"]
[WhiteElo "2679"]
[BlackElo "2596"]
[WhiteFideId "24175439"]
[BlackFideId "13302507"]
[EventDate "2023.05.03"]

1. d4 d5 2. c4 e6 3. Nf3 Nf6 4. g3 Bb4+ 5. Bd2 a5 6. Qa4+ Bd7 7. Qc2 c5 8. dxc5
Bxc5 9. cxd5 Qb6 10. e3 Nxd5 11. Nc3 O-O 12. Be2 Nxc3 13. Bxc3 Bb4 14. O-O Bxc3
15. Ng5 g6 16. Qxc3 Bc6 17. Rfd1 Qb4 18. Qe5 h6 19. a3 Qe7 20. Ne4 Bxe4 21. Qxe4
Nc6 22. Qa4 Rfd8 23. Qb5 Qc7 24. Bf3 Rxd1+ 25. Rxd1 Rd8 26. Rxd8+ Nxd8 27. h4 b6
28. h5 g5 29. b4 axb4 30. Qxb4 Nb7 31. Qb2 Nd6 32. Qf6 Nf5 33. e4 Qe7 34. Qb2
Ng7 35. a4 Qd7 36. Qxb6 Qxa4 37. Qd8+ Qe8 38. Qf6 Qb8 39. Qxh6 1/2-1/2

[Event "Stepan Avagyan Mem 2023"]
[Site "Jermuk ARM"]
[Date "2023.05.08"]
[Round "6.3"]
[White "Narayanan, S.L."]
[Black "Yakubboev, Nodirbek"]
[Result "0-1"]
[WhiteTitle "GM"]
[BlackTitle "GM"]
[WhiteElo "2661"]
[BlackElo "2630"]
[WhiteFideId "5058422"]
[BlackFideId "14203987"]
[EventDate "2023.05.03"]

1. d4 d5 2. c4 e6 3. Nc3 a6 4. cxd5 exd5 5. Nf3 Nf6 6. Bg5 Be6 7. e3 Nbd7 8. Bd3
h6 9. Bh4 c6 10. Ne5 Qb6 11. Nxd7 Nxd7 12. Qc2 Bd6 13. O-O-O Qc7 14. f4 Bxf4 15.
Kb1 Bxe3 16. Rde1 Qf4 17. Bg3 Qxd4 18. Bf5 O-O 19. Bxe6 fxe6 20. Qe2 Bg5 21.
Qxe6+ Rf7 22. Rhf1 Bf6 23. Rd1 Qb6 24. Rd2 Rf8 25. Rf3 Bxc3 26. Rxc3 Nf6 27. Rb3
Qg1+ 0-1

[Event "Stepan Avagyan Mem 2023"]
[Site "Jermuk ARM"]
[Date "2023.05.08"]
[Round "6.4"]
[White "Tabatabaei, M. Amin"]
[Black "Svane, Frederik"]
[Result "1/2-1/2"]
[WhiteTitle "GM"]
[BlackTitle "GM"]
[WhiteElo "2677"]
[BlackElo "2600"]
[WhiteFideId "12521213"]
[BlackFideId "12923044"]
[EventDate "2023.05.03"]

1. e4 e5 2. Nf3 Nc6 3. Bc4 Nf6 4. d3 Bc5 5. O-O d6 6. c3 a5 7. Re1 O-O 8. h3 Be6
9. Bb5 Ba7 10. Be3 Bxe3 11. Rxe3 Na7 12. Ba4 b5 13. Bc2 c5 14. d4 Qc7 15. Nbd2
Rfb8 16. a3 Nc8 17. Bd3 Bd7 18. dxe5 dxe5 19. a4 c4 20. Be2 Qc5 21. axb5 Nd6 22.
Rxa5 Rxa5 23. b4 Qxb5 24. bxa5 h6 25. Qa1 Qc5 26. Qa2 Be6 27. a6 Ra8 28. Qa4 Nd7
29. Nh4 g6 30. Bg4 Bxg4 31. hxg4 Qc8 32. Nhf3 Rxa6 33. Qb4 Rb6 34. Qa3 Qa6 35.
Qxa6 Rxa6 36. Re1 f6 37. Nf1 Nc5 38. N3d2 Ra3 39. Rc1 Ncxe4 40. Nxe4 Nxe4 41.
Ne3 Rxc3 42. Rxc3 Nxc3 43. Nxc4 Kf7 44. Ne3 Ke6 45. Kf1 Kd6 46. g3 Kc5 47. Ng2
Nd5 48. Nh4 Ne7 49. Ke2 Kd5 50. Kd2 Ke4 51. Ke2 Kd5 52. Kd2 g5 53. Ng2 Ke4 54.
Ne1 Nc6 55. f3+ Kd5 56. Kd3 Nd4 57. Ke3 Kc4 58. Ke4 Kc3 59. Ke3 Nc2+ 60. Nxc2
Kxc2 61. Ke2 Kc3 62. Ke3 Kc2 63. Ke2 Kc3 64. Ke3 Kb4 65. Ke4 Kc5 66. Ke3 Kd6 67.
Kd3 Kc7 68. Ke4 Kc6 69. Kd3 Kc5 70. Ke4 Kc6 71. Kd3 Kb5 72. Ke4 Kc5 73. Kd3 Kd6
74. Ke3 Ke6 75. Ke4 Ke7 76. Ke3 Kf7 77. Kd3 Ke8 78. Ke4 Ke7 79. Kd3 Kd6 80. Ke3
Kc6 81. Ke4 Kc5 82. Ke3 Kb4 83. Ke4 Kc3 84. Ke3 Kb2 85. Kd2 Kb3 86. Kd3 Kb4 87.
Ke4 Kc5 1/2-1/2

[Event "Stepan Avagyan Mem 2023"]
[Site "Jermuk ARM"]
[Date "2023.05.08"]
[Round "6.5"]
[White "Sevian, Samuel"]
[Black "Martirosyan, Haik M."]
[Result "1/2-1/2"]
[WhiteTitle "GM"]
[BlackTitle "GM"]
[WhiteElo "2684"]
[BlackElo "2675"]
[WhiteFideId "2040506"]
[BlackFideId "13306553"]
[EventDate "2023.05.03"]

1. d4 Nf6 2. c4 e6 3. Nf3 d5 4. Nc3 Nbd7 5. cxd5 exd5 6. Bf4 c6 7. Qc2 Nh5 8.
Bd2 Nhf6 9. Bf4 Nh5 10. Bd2 Nhf6 11. Bg5 Be7 12. e3 h6 13. Bh4 O-O 14. Bd3 Re8
15. O-O Ne4 16. Bxe4 Bxh4 17. Bh7+ Kf8 18. Bf5 Be7 19. Rae1 Nf6 20. Bxc8 1/2-1/2

[Event "Stepan Avagyan Mem 2023"]
[Site "Jermuk ARM"]
[Date "2023.05.09"]
[Round "7.1"]
[White "Martirosyan, Haik M."]
[Black "Davtyan, Artur"]
[Result "1-0"]
[WhiteTitle "GM"]
[BlackTitle "IM"]
[WhiteElo "2675"]
[BlackElo "2506"]
[WhiteFideId "13306553"]
[BlackFideId "13308327"]
[EventDate "2023.05.03"]

1. e4 c5 2. Nf3 d6 3. Bb5+ Nd7 4. d4 cxd4 5. Qxd4 e5 6. Qd3 Be7 7. c4 Nf6 8. Nc3
O-O 9. Bxd7 Bxd7 10. O-O Bc6 11. Rd1 a6 12. Bg5 Ne8 13. Be3 Qc8 14. Nd2 b5 15.
b4 Nc7 16. Rac1 Qd7 17. Nb3 bxc4 18. Qxc4 Rfc8 19. Na5 Nb5 20. Nd5 Bxd5 21. Qxd5
Rxc1 22. Rxc1 Rc8 23. Nc6 Bf8 24. Qc4 Ra8 25. a4 Nc7 26. b5 axb5 27. axb5 d5 28.
exd5 Nxd5 29. Ba7 Nf4 30. b6 Qg4 31. g3 Nh3+ 32. Kg2 Nf4+ 33. Kf1 Qh3+ 34. Ke1
Ng2+ 35. Ke2 Re8 36. Qe4 f5 37. Qd5+ Kh8 38. b7 Nf4+ 39. gxf4 exf4+ 40. Kd2 Bd6
41. Qxd6 1-0

[Event "Stepan Avagyan Mem 2023"]
[Site "Jermuk ARM"]
[Date "2023.05.09"]
[Round "7.2"]
[White "Svane, Frederik"]
[Black "Sevian, Samuel"]
[Result "1/2-1/2"]
[WhiteTitle "GM"]
[BlackTitle "GM"]
[WhiteElo "2600"]
[BlackElo "2684"]
[WhiteFideId "12923044"]
[BlackFideId "2040506"]
[EventDate "2023.05.03"]

1. e4 e6 2. d4 d5 3. e5 c5 4. c3 Nc6 5. Nf3 Bd7 6. Be2 Nge7 7. O-O Ng6 8. Be3
Be7 9. Nbd2 Rc8 10. a3 O-O 11. Bd3 cxd4 12. cxd4 f6 13. exf6 Bxf6 14. Bxg6 hxg6
15. Nb3 b6 16. Re1 Ne7 17. Nc1 Nc6 18. Nd3 g5 19. Rc1 g4 20. Nfe5 Bxe5 21. Nxe5
Nxe5 22. Rxc8 Qxc8 23. dxe5 Qc4 1/2-1/2

[Event "Stepan Avagyan Mem 2023"]
[Site "Jermuk ARM"]
[Date "2023.05.09"]
[Round "7.3"]
[White "Yakubboev, Nodirbek"]
[Black "Tabatabaei, M. Amin"]
[Result "0-1"]
[WhiteTitle "GM"]
[BlackTitle "GM"]
[WhiteElo "2630"]
[BlackElo "2677"]
[WhiteFideId "14203987"]
[BlackFideId "12521213"]
[EventDate "2023.05.03"]

1. d4 Nf6 2. Nf3 d5 3. Bf4 c5 4. e3 Nc6 5. Nbd2 cxd4 6. exd4 Qb6 7. Nb3 Nh5 8.
Be3 Nf6 9. Bf4 Nh5 10. Be5 f6 11. Bg3 g6 12. Be2 Bg7 13. O-O O-O 14. c4 Nxg3 15.
hxg3 e6 16. Re1 g5 17. Qd2 g4 18. Nh4 f5 19. Rad1 a5 20. cxd5 exd5 21. Qg5 a4
22. Nc5 Qd8 23. Qf4 Qf6 24. Bb5 Nxd4 25. Bxa4 b6 26. Bb3 Kh8 27. Nd3 Bb7 28. Ne5
Nxb3 29. Nd7 Qf7 30. Nxf8 Nc5 31. b4 Ne4 32. Rxe4 dxe4 33. Rd7 Qxa2 34. Nxf5
Rxf8 35. Rxb7 e3 36. Qxg4 Qa1+ 37. Kh2 exf2 0-1

[Event "Stepan Avagyan Mem 2023"]
[Site "Jermuk ARM"]
[Date "2023.05.09"]
[Round "7.4"]
[White "Hovhannisyan, Robert"]
[Black "Narayanan, S.L."]
[Result "1/2-1/2"]
[WhiteTitle "GM"]
[BlackTitle "GM"]
[WhiteElo "2596"]
[BlackElo "2661"]
[WhiteFideId "13302507"]
[BlackFideId "5058422"]
[EventDate "2023.05.03"]

1. e4 c5 2. Nf3 d6 3. d4 cxd4 4. Qxd4 Nf6 5. Nc3 Nc6 6. Bb5 e5 7. Qd3 h6 8. Bc4
Be7 9. Nd5 O-O 10. Nxf6+ Bxf6 11. O-O a6 12. c3 Qc7 13. Be3 Rb8 14. a4 Be6 15.
Nd2 Rbc8 16. Rfc1 Na5 17. Bxe6 fxe6 18. b4 Nc4 19. Nxc4 Qxc4 20. Qxd6 Rc6 21.
Qd7 Rc7 22. Qd1 Qxe4 23. Bc5 Rd8 24. Qb3 Qc6 25. Rd1 Rcd7 26. g3 e4 27. Rxd7
Rxd7 28. Re1 Rd3 29. Qc4 Bxc3 30. Rxe4 Rd1+ 1/2-1/2

[Event "Stepan Avagyan Mem 2023"]
[Site "Jermuk ARM"]
[Date "2023.05.09"]
[Round "7.5"]
[White "Nguyen, Thai Dai Van"]
[Black "Esipenko, Andrey"]
[Result "1/2-1/2"]
[WhiteTitle "GM"]
[BlackTitle "GM"]
[WhiteElo "2649"]
[BlackElo "2679"]
[WhiteFideId "358878"]
[BlackFideId "24175439"]
[EventDate "2023.05.03"]

1. e4 e5 2. Nf3 Nf6 3. Nxe5 d6 4. Nf3 Nxe4 5. d4 d5 6. Bd3 Bd6 7. O-O O-O 8. c4
c6 9. Nc3 Nxc3 10. bxc3 dxc4 11. Bxc4 Bg4 12. h3 Bh5 13. g4 Bg6 14. Ne5 b5 15.
Bb3 Nd7 16. Nxg6 hxg6 17. Qf3 Rc8 18. Kg2 a5 19. a4 Nb6 20. Rd1 bxa4 21. Bxa4
Nxa4 22. Rxa4 Re8 23. Be3 Re6 24. c4 Bb4 25. Raa1 Qd7 26. Bd2 1/2-1/2

[Event "Stepan Avagyan Mem 2023"]
[Site "Jermuk ARM"]
[Date "2023.05.10"]
[Round "8.1"]
[White "Davtyan, Artur"]
[Black "Esipenko, Andrey"]
[Result "1/2-1/2"]
[WhiteTitle "IM"]
[BlackTitle "GM"]
[WhiteElo "2506"]
[BlackElo "2679"]
[WhiteFideId "13308327"]
[BlackFideId "24175439"]
[EventDate "2023.05.03"]

1. d4 Nf6 2. c4 e6 3. Nf3 c5 4. d5 d6 5. Nc3 exd5 6. cxd5 g6 7. e4 Bg7 8. h3 O-O
9. Bd3 b5 10. Nxb5 Re8 11. O-O Nxe4 12. Re1 a6 13. Nc3 Nxc3 14. bxc3 Bxc3 15.
Rxe8+ Qxe8 16. Rb1 Nd7 17. Qa4 Qd8 18. Bf4 Ne5 19. Nxe5 dxe5 20. Bg5 Qxg5 21.
Qc6 Bb7 22. Rxb7 e4 23. Rb3 Rd8 24. Rxc3 exd3 25. Rxd3 Qc1+ 26. Kh2 Qf4+ 27. Kg1
Qc1+ 28. Kh2 Qf4+ 29. Kg1 Qc1+ 1/2-1/2

[Event "Stepan Avagyan Mem 2023"]
[Site "Jermuk ARM"]
[Date "2023.05.10"]
[Round "8.2"]
[White "Narayanan, S.L."]
[Black "Nguyen, Thai Dai Van"]
[Result "1/2-1/2"]
[WhiteTitle "GM"]
[BlackTitle "GM"]
[WhiteElo "2661"]
[BlackElo "2649"]
[WhiteFideId "5058422"]
[BlackFideId "358878"]
[EventDate "2023.05.03"]

1. Nf3 Nf6 2. g3 c5 3. Bg2 Nc6 4. O-O e5 5. e4 d6 6. d3 g6 7. c4 Bg7 8. Nc3 O-O
9. Ne1 Bg4 10. f3 Bd7 11. Nc2 a6 12. a4 Ne8 13. Rb1 Rb8 14. Be3 Nc7 15. b4 b6
16. b5 axb5 17. axb5 Nd4 18. Bd2 h5 19. Nxd4 exd4 20. Ne2 Qc8 21. Bf4 Be5 22.
Bh6 Bg7 23. Qd2 Bh3 24. Ra1 Bxg2 25. Kxg2 Ra8 26. Bxg7 Kxg7 27. Nf4 Rh8 28. h4
Qb7 29. Qb2 Rhb8 30. Rf2 Ne6 31. Nd5 Nc7 32. Rxa8 Rxa8 33. Nxc7 Qxc7 34. f4 f5
35. exf5 Qb7+ 36. Kh2 gxf5 37. Qe2 Ra1 38. Rg2 Qf7 39. Qf3 Qe8 40. Qb7+ Kh8 41.
Qxb6 Qe1 42. Qb8+ Kg7 43. Qb7+ Kf6 44. Rb2 Qg1+ 45. Kh3 Qe3 46. Qd5 Ke7 47. Qg2
Rg1 48. Re2 Rh1+ 49. Qxh1 Qxe2 50. b6 Qxd3 51. b7 Qb3 52. Qc6 Qb1 53. Kh2 Qb2+
54. Qg2 Qb1 55. Qe2+ Kf6 56. Qxh5 Qc2+ 57. Kh3 Qe4 58. Qh8+ Kf7 59. Qh7+ Kf6 1/2-1/2

[Event "Stepan Avagyan Mem 2023"]
[Site "Jermuk ARM"]
[Date "2023.05.10"]
[Round "8.3"]
[White "Tabatabaei, M. Amin"]
[Black "Hovhannisyan, Robert"]
[Result "1/2-1/2"]
[WhiteTitle "GM"]
[BlackTitle "GM"]
[WhiteElo "2677"]
[BlackElo "2596"]
[WhiteFideId "12521213"]
[BlackFideId "13302507"]
[EventDate "2023.05.03"]

1. c4 e5 2. Nc3 Bb4 3. Nd5 Be7 4. e3 Nf6 5. Ne2 O-O 6. Nxe7+ Qxe7 7. Ng3 d5 8.
b3 d4 9. Be2 Nc6 10. O-O a5 11. d3 a4 12. bxa4 Qb4 13. f4 Re8 14. fxe5 Rxe5 15.
e4 Qxa4 16. Qe1 Ng4 17. Bxg4 Bxg4 18. Bf4 Qc2 19. Bxe5 Nxe5 20. Qb4 Qxd3 21.
Qxb7 Re8 22. Qxc7 h5 23. Rab1 h4 24. Rb8 Qe3+ 25. Kh1 Rxb8 26. Qxb8+ Kh7 27.
Qxe5 hxg3 28. h3 Be2 29. Rb1 d3 30. Qf5+ Kh6 31. Qxf7 d2 32. Qe6+ Kh7 33. Qf5+
Kh6 34. Qe6+ Kh7 35. Qf5+ Kh6 1/2-1/2

[Event "Stepan Avagyan Mem 2023"]
[Site "Jermuk ARM"]
[Date "2023.05.10"]
[Round "8.4"]
[White "Sevian, Samuel"]
[Black "Yakubboev, Nodirbek"]
[Result "1/2-1/2"]
[WhiteTitle "GM"]
[BlackTitle "GM"]
[WhiteElo "2684"]
[BlackElo "2630"]
[WhiteFideId "2040506"]
[BlackFideId "14203987"]
[EventDate "2023.05.03"]

1. d4 d5 2. c4 e6 3. Nf3 Nf6 4. g3 dxc4 5. Bg2 c6 6. O-O b5 7. a4 Bb7 8. Ne5 a6
9. b3 cxb3 10. Qxb3 Qxd4 11. Bb2 Qb4 12. Qc2 Qc5 13. Qb3 Qb4 14. Qc2 Qc5 1/2-1/2

[Event "Stepan Avagyan Mem 2023"]
[Site "Jermuk ARM"]
[Date "2023.05.10"]
[Round "8.5"]
[White "Martirosyan, Haik M."]
[Black "Svane, Frederik"]
[Result "1/2-1/2"]
[WhiteTitle "GM"]
[BlackTitle "GM"]
[WhiteElo "2675"]
[BlackElo "2600"]
[WhiteFideId "13306553"]
[BlackFideId "12923044"]
[EventDate "2023.05.03"]

1. e4 c5 2. Nf3 e6 3. g3 Nc6 4. Bg2 Nf6 5. Qe2 e5 6. O-O Be7 7. d3 O-O 8. c3 Re8
9. Na3 h6 10. Nc4 Bf8 11. Ne3 d5 12. Nh4 Be6 13. Qf3 Ne7 14. h3 d4 15. Nef5 Ng6
16. c4 Rb8 17. b3 b5 18. Kh2 bxc4 19. bxc4 Nd7 20. Qd1 Nxh4 21. Nxh4 g6 22. Qe1
Rb6 23. f4 exf4 24. gxf4 Be7 25. Nf3 f5 26. e5 Nf8 27. Nd2 Kh7 28. Nb3 g5 29.
fxg5 hxg5 30. h4 Ng6 31. Bxg5 Bxg5 32. hxg5 Qxg5 33. Qg3 Qxg3+ 34. Kxg3 Nxe5 35.
Rh1+ Kg7 36. Nxc5 Bf7 37. Bd5 Rg6+ 38. Kf2 Ng4+ 39. Kf3 Ne5+ 40. Kf2 Ng4+ 41.
Kf3 Re3+ 42. Kf4 Bxd5 43. cxd5 Ne5 44. Rh5 Rgg3 45. Kxf5 Rgf3+ 46. Kg5 Rg3+ 47.
Kf5 Rgf3+ 48. Kg5 Nf7+ 49. Kg4 Rg3+ 50. Kf5 Rgf3+ 51. Kg4 Nh6+ 52. Rxh6 Kxh6 53.
d6 Rf8 54. Rh1+ Kg6 1/2-1/2

[Event "Stepan Avagyan Mem 2023"]
[Site "Jermuk ARM"]
[Date "2023.05.11"]
[Round "9.1"]
[White "Svane, Frederik"]
[Black "Davtyan, Artur"]
[Result "0-1"]
[WhiteTitle "GM"]
[BlackTitle "IM"]
[WhiteElo "2600"]
[BlackElo "2506"]
[WhiteFideId "12923044"]
[BlackFideId "13308327"]
[EventDate "2023.05.03"]

1. Nf3 c5 2. e4 d6 3. d4 cxd4 4. Nxd4 Nf6 5. Nc3 a6 6. Be3 Ng4 7. Bc1 Nf6 8. Be3
Ng4 9. Bg5 h6 10. Bc1 Nf6 11. Bd3 e5 12. Nde2 Be7 13. O-O O-O 14. Ng3 Be6 15.
Nd5 Nbd7 16. c4 Nc5 17. Bc2 b5 18. b4 Ncd7 19. cxb5 axb5 20. Qd3 Nb6 21. Qxb5
Nbxd5 22. exd5 Nxd5 23. Bd2 Ra3 24. Qe2 Qa8 25. Nf5 Bxf5 26. Bxf5 Rxa2 27. Rxa2
Qxa2 28. Bb1 Nc3 29. Bxa2 Nxe2+ 30. Kh1 Rc8 31. Ra1 Rc2 32. Be1 Nf4 33. b5 Rb2
34. Bc4 d5 35. Bc3 Rc2 36. Bxe5 Rxc4 37. b6 Rb4 38. b7 Rxb7 39. Bxf4 Rb2 40. f3
Bf6 41. Rd1 Bc3 42. Kg1 d4 43. g4 f6 44. h4 Kf7 45. g5 h5 46. gxf6 gxf6 47. Ra1
d3 48. Rd1 Bd4+ 49. Kh1 Rb3 50. Kg2 Ke6 51. Bh6 Kd5 52. Kg3 Be5+ 53. Kf2 Kd4 54.
Be3+ Kc4 55. Bd2 Rb2 56. Ke3 f5 57. f4 Bc3 58. Bxc3 Re2+ 59. Kf3 Kxc3 60. Rc1+
Kd4 61. Ra1 Re3+ 62. Kf2 Re4 63. Kf3 d2 64. Kf2 Kc3 0-1

[Event "Stepan Avagyan Mem 2023"]
[Site "Jermuk ARM"]
[Date "2023.05.11"]
[Round "9.3"]
[White "Hovhannisyan, Robert"]
[Black "Sevian, Samuel"]
[Result "1/2-1/2"]
[WhiteTitle "GM"]
[BlackTitle "GM"]
[WhiteElo "2596"]
[BlackElo "2684"]
[WhiteFideId "13302507"]
[BlackFideId "2040506"]
[EventDate "2023.05.03"]

1. e4 e5 2. Nf3 Nc6 3. Nc3 Nf6 4. Bb5 Bb4 5. a3 Bxc3 6. dxc3 d6 7. Qe2 h6 8. Bd3
Be6 9. Be3 Nd7 10. Nd2 a6 11. f3 Nc5 12. Bxc5 dxc5 13. Bc4 Qe7 14. Bxe6 Qxe6 15.
Qc4 Qxc4 16. Nxc4 O-O-O 17. Ke2 Rd7 18. Rhd1 Rxd1 19. Rxd1 Rd8 20. Rd5 b6 21. a4
Rxd5 22. exd5 Ne7 23. Nxe5 1/2-1/2

[Event "Stepan Avagyan Mem 2023"]
[Site "Jermuk ARM"]
[Date "2023.05.11"]
[Round "9.4"]
[White "Nguyen, Thai Dai Van"]
[Black "Tabatabaei, M. Amin"]
[Result "1/2-1/2"]
[WhiteTitle "GM"]
[BlackTitle "GM"]
[WhiteElo "2649"]
[BlackElo "2677"]
[WhiteFideId "358878"]
[BlackFideId "12521213"]
[EventDate "2023.05.03"]

1. e4 e5 2. Nf3 Nc6 3. Bc4 Nf6 4. d3 Bc5 5. c3 d6 6. O-O a5 7. Re1 O-O 8. h3 Ba7
9. Na3 Ne7 10. d4 Ng6 11. Be3 c6 12. Bf1 Qc7 13. Qc2 b5 14. Nb1 d5 15. dxe5 Nxe5 1/2-1/2

[Event "Stepan Avagyan Mem 2023"]
[Site "Jermuk ARM"]
[Date "2023.05.11"]
[Round "9.5"]
[White "Esipenko, Andrey"]
[Black "Narayanan, S.L."]
[Result "1/2-1/2"]
[WhiteTitle "GM"]
[BlackTitle "GM"]
[WhiteElo "2679"]
[BlackElo "2661"]
[WhiteFideId "24175439"]
[BlackFideId "5058422"]
[EventDate "2023.05.03"]

1. e4 e5 2. Nf3 Nc6 3. Bb5 a6 4. Ba4 Nf6 5. O-O Nxe4 6. d4 b5 7. Bb3 d5 8. dxe5
Be6 9. c3 Be7 10. Bc2 Bg4 11. Qe1 Nc5 12. Nd4 Nxd4 13. cxd4 Ne6 14. Qd2 O-O 15.
Nc3 Bh5 16. f4 f5 17. Bb3 c6 18. Qd3 Kh8 19. Be3 g5 20. g3 gxf4 21. Bxf4 Bg5 22.
Bd1 Bxf4 1/2-1/2